Sports Quiz

Random Sports or Basketball Quiz

Pro Athletes in Yearbook Photos Quiz Stats

Quiz Updated Sep 26, 2013

Challenge
Share
Tweet
Score 0/50 Timer 10:00
0 Plays Today
% Correct
Peyton Manning
95.5%
Charles Barkley
91.8%
Larry Bird
85.8%
Kobe Bryant
84.2%
Derek Jeter
84.1%
Shaquille O'Neal
83.4%
LeBron James
77.5%
Michael Jordan
76.2%
John Elway
75.5%
Blake Griffin
74.2%
Jeremy Lin
74%
Eli Manning
73.7%
Tom Brady
72.3%
Aaron Rodgers
71.1%
Alex Rodriguez
71%
Wayne Gretzky
70.1%
Chris Paul
68.3%
Kareem Abdul-Jabbar
67.3%
Drew Brees
65.1%
Dwyane Wade
63.9%
Ray Lewis
63.7%
Adrian Peterson
59.6%
Tony Romo
59.2%
Dennis Rodman
58%
Steve Nash
56.6%
% Correct
Kevin Garnett
56.6%
Cam Newton
55.3%
Wilt Chamberlain
55.2%
Sidney Crosby
54.1%
Brett Favre
52.1%
Jackie Robinson
49.3%
Dan Marino
49%
Joe Namath
48.9%
Carmelo Anthony
47%
Barry Bonds
44.6%
Roger Clemens
44.1%
Prince Fielder
41.7%
Albert Pujols
41.1%
Rickey Henderson
35.4%
Mike Ditka
34.5%
Reggie Bush
34.4%
Josh Hamilton
32.8%
Walter Payton
32.7%
Willie Mays
30.4%
Mark McGwire
30.1%
Chipper Jones
28.5%
Lynn Swann
27.7%
Nolan Ryan
23%
Chad Johnson
20.6%
Jonathan Papelbon
19.8%

You're not logged in!

Compare scores with friends on all Sporcle quizzes.
Sign Up with Email
OR
Log In

You Might Also Like...

Show Comments

Extras

Top Quizzes Today


Score Distribution

Your Account Isn't Verified!

In order to create a playlist on Sporcle, you need to verify the email address you used during registration. Go to your Sporcle Settings to finish the process.

Report this User

Report this user for behavior that violates our Community Guidelines.

Details: